000 01037nam a22003257a 4500
001 000403
003 DO-SdBPM
005 20250115101933.0
007 000403
008 160720b1997 sp | 00| 0 spa d
020 _a8423990168
040 _aDO-SdBPM
_bspa
_cBPMSU
082 4 _a833.91
_bE19h 1997
_222
092 _axxxxx
_bxxxxx
100 1 _aEcke, Wolfgang
_d1927-1983.
240 1 0 _aKriminalistisches Schmunzelkabinett.
_lEspañol
245 1 0 _aHistorias policíacas divertidas /
_cWolfgang Ecke ; traducción de Luis Pastor ; ilustraciones Gerhard Brinkmann.
250 _a9a. ed
260 _aMadrid :
_bEspasa-Calpe,
_c1997.
300 _a194 p. :
_bil. ;
_c20 cm.
490 0 _aEspasa juvenil,
_v5
590 _aInventariado, 2025/VM
650 4 _a Cuentos juveniles alemanes
650 4 _aCuentos policíacos
650 4 _aDetectives
_vCuentos juveniles
700 1 _aPastor, Luis,
_etraductor
700 1 _aBrinkmann, Gerhard,
_eilustración
910 _aVMateo V. Control de calidad. BPMSU
942 _2ddc
_cBK
999 _c10952
_d10952